[Event "Wch Juvenil 2013 sub-14"]
[Site "Al-Ain UAE"]
[Date "2013.12.26"]
[Round "9.50"]
[White "Mohamed, Marshool"]
[Black "Akhgari, Reza"]
[Result "1/2-1/2"]
[WhiteElo "1557"]
[BlackElo "2000"]
[PlyCount "120"]
[EventDate "2013.12.19"]
[EventType "swiss"]
[EventRounds "11"]
[EventCountry "UAE"]
[Source "lmi"]
[SourceDate "2013.12.19"]

1. e4 e6 2. d4 d5 3. exd5 exd5 4. Bd3 Bd6 5. c3 Nc6 6. Nf3 Nge7 7. O-O Bg4 8.
h3 Bh5 9. Be3 Qd7 10. Re1 O-O-O 11. Nbd2 f6 12. b4 Rde8 13. Qc2 Bg6 14. Nb3
Bxd3 15. Qxd3 g5 16. b5 Nd8 17. Nc5 Qf5 18. Qxf5+ Nxf5 19. Bd2 b6 20. Nd3 Kd7
21. a4 Nb7 22. Nb4 Bxb4 23. cxb4 Nfd6 24. Be3 Nc4 25. Nd2 Nbd6 26. Nxc4 Nxc4
27. Rad1 Re4 28. Bc1 Rhe8 29. Kf1 h5 30. f3 Ne3+ 31. Bxe3 Rxe3 32. Rc1 Ra3 33.
a5 Rf8 34. Ra1 Rxa1 35. Rxa1 Re8 36. Kf2 h4 37. Rc1 Re6 38. axb6 axb6 39. Ra1
c6 40. Ra7+ Kc8 41. bxc6 Rxc6 42. Rf7 Rc2+ 43. Kf1 Rc4 44. b5 Rxd4 45. Rxf6 Kc7
46. Rf5 Kd6 47. Rxg5 Kc5 48. Rg4 Rc4 49. f4 Kxb5 50. Rxh4 Kc5 51. g3 b5 52. f5
Rxh4 53. gxh4 Kd6 54. h5 Ke5 55. h6 Kf6 56. Ke2 b4 57. Kd3 Kf7 58. h4 Kf6 59.
h5 Kf7 60. Kd4 Kf6 1/2-1/2

[Event "Wch Juvenil 2013 sub-14"]
[Site "Al-Ain UAE"]
[Date "2013.12.26"]
[Round "9.51"]
[White "Vaitsiakhouski, Yauheni"]
[Black "Fernandez, Michael"]
[Result "1-0"]
[WhiteElo "1540"]
[BlackElo "1975"]
[PlyCount "55"]
[EventDate "2013.12.19"]
[EventType "swiss"]
[EventRounds "11"]
[EventCountry "UAE"]
[Source "lmi"]
[SourceDate "2013.12.19"]

1. d4 d5 2. Nf3 Nf6 3. c4 c6 4. Nc3 e6 5. e3 Nbd7 6. Bd3 dxc4 7. Bxc4 b5 8. Bd3
Bd6 9. O-O Bb7 10. e4 e5 11. Bg5 O-O 12. dxe5 Nxe5 13. Nxe5 Bxe5 14. f4 Bd4+
15. Kh1 Qd7 16. Bxf6 gxf6 17. e5 Kg7 18. Qh5 Rh8 19. Rf3 h6 20. Ne4 f5 21. Nf6
Qc7 22. Bxf5 Bc8 23. Rg3+ Kf8 24. Nh7+ Ke8 25. Bxc8 Qxc8 26. Qxh6 Qf5 27. Qxc6+
Ke7 28. Qd6+ 1-0

[Event "Wch Juvenil 2013 sub-14"]
[Site "Al-Ain UAE"]
[Date "2013.12.26"]
[Round "9.52"]
[White "Abbas, Daniel"]
[Black "Tello Chavez, Isaac Valent"]
[Result "1-0"]
[BlackElo "1823"]
[PlyCount "83"]
[EventDate "2013.12.19"]
[EventType "swiss"]
[EventRounds "11"]
[EventCountry "UAE"]
[Source "lmi"]
[SourceDate "2013.12.19"]
[WhiteElo "1974"]

1. e4 d5 2. exd5 Qxd5 3. Nc3 Qa5 4. d4 Nf6 5. Bd2 c6 6. Bc4 Bg4 7. f3 Bf5 8. g4
Bg6 9. Nh3 Nbd7 10. Qe2 O-O-O 11. O-O-O e6 12. Nf4 Qc7 13. h4 Bd6 14. Nh3 h5
15. Ng5 Rhe8 16. Nge4 Bf4 17. Kb1 Nd5 18. Rhg1 N7b6 19. Bb3 e5 20. dxe5 Bxe5
21. Qg2 hxg4 22. fxg4 Re7 23. h5 Bxe4 24. Nxe4 Red7 25. Bc1 c5 26. c3 c4 27.
Bc2 Qc6 28. Qf2 Kb8 29. Qc5 Nxc3+ 30. bxc3 Rxd1 31. Rxd1 Qxc5 32. Rxd8+ Kc7 33.
Nxc5 Kxd8 34. Nxb7+ Kc7 35. Nc5 Nd5 36. Ne4 g6 37. hxg6 fxg6 38. Bd2 Kc6 39.
Ng5 Nf6 40. Bd1 Kb5 41. Bf3 Ka4 42. Ne6 1-0

[Event "Wch Juvenil 2013 sub-14"]
[Site "Al-Ain UAE"]
[Date "2013.12.26"]
[Round "9.53"]
[White "Oliveira, Tiago Lopes"]
[Black "Gvenetadze, Davit"]
[Result "1-0"]
[WhiteElo "1930"]
[BlackElo "1801"]
[PlyCount "105"]
[EventDate "2013.12.19"]
[EventType "swiss"]
[EventRounds "11"]
[EventCountry "UAE"]
[Source "lmi"]
[SourceDate "2013.12.19"]

1. e4 c5 2. Nf3 Nc6 3. d4 cxd4 4. Nxd4 Nf6 5. Nc3 g6 6. Be2 d6 7. O-O Bg7 8.
Nb3 O-O 9. Re1 Be6 10. Bf1 Rc8 11. Nd5 Ne5 12. c3 Nc4 13. Bxc4 Rxc4 14. Qd3 Rc8
15. Bg5 Re8 16. Rad1 Ng4 17. h3 Ne5 18. Qe2 f6 19. Be3 b6 20. Nd4 Bf7 21. f4
Nc4 22. f5 e6 23. fxe6 Bxe6 24. Qf2 Bf7 25. Bc1 f5 26. Nf3 fxe4 27. Ng5 Bxd5
28. Rxd5 Rf8 29. Qc2 Qd7 30. Rxe4 Ne5 31. Rd1 h6 32. Qb3+ Kh8 33. Ne6 Rfe8 34.
Nxg7 Kxg7 35. Qd5 Rcd8 36. Bf4 Nf7 37. Rxe8 Qxe8 38. Qd4+ Kh7 39. Qf6 Rd7 40.
Kh2 Qe7 41. Qd4 Qe6 42. c4 g5 43. Bg3 h5 44. h4 g4 45. Rf1 Ne5 46. Qe4+ Kg7 47.
Rf5 Rf7 48. Rg5+ Kf8 49. Bxe5 dxe5 50. Rg6 Qf5 51. Qa8+ Ke7 52. Qxa7+ Qd7 53.
Qa3+ 1-0

[Event "Wch Juvenil 2013 sub-14"]
[Site "Al-Ain UAE"]
[Date "2013.12.26"]
[Round "9.55"]
[White "Mohammad, Fahim"]
[Black "Lynch, Justin"]
[Result "1-0"]
[WhiteElo "2059"]
[BlackElo "1725"]
[PlyCount "119"]
[EventDate "2013.12.19"]
[EventType "swiss"]
[EventRounds "11"]
[EventCountry "UAE"]
[Source "lmi"]
[SourceDate "2013.12.19"]

1. e4 c5 2. Nf3 e6 3. Nc3 a6 4. g3 Nc6 5. Bg2 d6 6. d4 cxd4 7. Nxd4 Bd7 8. O-O
Be7 9. Re1 Nf6 10. Be3 O-O 11. Na4 Nxd4 12. Qxd4 e5 13. Qc4 b5 14. Qe2 bxa4 15.
c4 Qc7 16. Rac1 Rfc8 17. f4 Rab8 18. f5 Rb4 19. g4 Rxc4 20. g5 Ne8 21. Bh3 g6
22. fxg6 fxg6 23. Rxc4 Qxc4 24. Bxd7 Qxe2 25. Rxe2 Rd8 26. Bxa4 Ng7 27. Rc2 Nh5
28. Rc7 Kf8 29. Ra7 Nf4 30. Bxf4 exf4 31. Kg2 Bxg5 32. Rxh7 Be7 33. Bb3 g5 34.
Kf3 Ke8 35. Kg4 Rc8 36. Kf5 Rc5+ 37. Bd5 Kd7 38. Kg4 a5 39. b3 Rc3 40. Bc4 Re3
41. Bd5 Rc3 42. Kf5 Rc5 43. Rh3 Rc2 44. a3 Bd8 45. Rh7+ Be7 46. Be6+ Ke8 47.
Rh8+ Bf8 48. Kf6 f3 49. Bf7+ Kd7 50. Rxf8 f2 51. Be6+ Kc7 52. Kxg5 f1=Q 53.
Rxf1 Rxh2 54. Rf5 Rg2+ 55. Kf6 Re2 56. Bd5 Rh2 57. Bc4 Rh4 58. Bd5 Rh3 59. Ke6
Rh6+ 60. Rf6 1-0

[Event "Wch Juvenil 2013 sub-14"]
[Site "Al-Ain UAE"]
[Date "2013.12.26"]
[Round "9.56"]
[White "Mousseri, Daniel"]
[Black "Kuruppu, Supun Dasantha"]
[Result "1-0"]
[WhiteElo "2043"]
[BlackElo "1692"]
[PlyCount "47"]
[EventDate "2013.12.19"]
[EventType "swiss"]
[EventRounds "11"]
[EventCountry "UAE"]
[Source "lmi"]
[SourceDate "2013.12.19"]

1. e4 c5 2. Nf3 d6 3. d4 cxd4 4. Nxd4 Nf6 5. Nc3 a6 6. Bc4 e6 7. O-O Be7 8. Bb3
Nc6 9. f4 O-O 10. Kh1 Qc7 11. f5 e5 12. Nde2 b5 13. a3 Bb7 14. Bg5 Na5 15. Bxf6
Bxf6 16. Bd5 Be7 17. Ng3 Nc4 18. Qc1 Nb6 19. f6 Bxf6 20. Bxb7 Qxb7 21. Rxf6 Qe7
22. Rf3 Rac8 23. Nf5 Qe6 24. Qg5 1-0

[Event "Wch Juvenil 2013 sub-14"]
[Site "Al-Ain UAE"]
[Date "2013.12.26"]
[Round "9.57"]
[White "Zayan, Mohamed"]
[Black "Bedon, Kevin"]
[Result "1-0"]
[WhiteElo "1939"]
[BlackElo "1671"]
[PlyCount "73"]
[EventDate "2013.12.19"]
[EventType "swiss"]
[EventRounds "11"]
[EventCountry "UAE"]
[Source "lmi"]
[SourceDate "2013.12.19"]

1. e4 d6 2. d4 Nf6 3. Nc3 Nbd7 4. Nf3 c6 5. a4 e5 6. Bc4 h6 7. O-O Be7 8. h3
Qc7 9. Bb3 O-O 10. Re1 Re8 11. Qd3 Nh7 12. Qc4 Rf8 13. Nd5 Qd8 14. Nxe7+ Qxe7
15. Bd2 a5 16. Qd3 b6 17. Bc3 Ng5 18. Nxg5 Qxg5 19. Bc4 Nf6 20. dxe5 dxe5 21.
Re3 Ne8 22. Rg3 Qf6 23. Rd1 Kh7 24. Rf3 Qe7 25. Qd8 Qa7 26. Qh4 f6 27. Bxe5 Qe7
28. Bc3 g5 29. Qg3 Bd7 30. Rfd3 Bc8 31. e5 f5 32. e6 Ra7 33. Qe5 Kg6 34. Rd8
Rc7 35. g4 Ng7 36. Rxf8 Qxf8 37. Qxc7 1-0

[Event "Wch Juvenil 2013 sub-14"]
[Site "Al-Ain UAE"]
[Date "2013.12.26"]
[Round "9.58"]
[White "Sadubayev, Airat"]
[Black "Lau, Jason"]
[Result "1-0"]
[WhiteElo "1706"]
[BlackElo "1888"]
[PlyCount "97"]
[EventDate "2013.12.19"]
[EventType "swiss"]
[EventRounds "11"]
[EventCountry "UAE"]
[Source "lmi"]
[SourceDate "2013.12.19"]

1. e4 e5 2. Nf3 Nc6 3. d4 exd4 4. Nxd4 Bc5 5. Be3 Qf6 6. c3 Nge7 7. Bc4 Ne5 8.
Be2 Qg6 9. O-O d6 10. Nd2 Bh3 11. Bf3 O-O 12. Nc2 Nxf3+ 13. Qxf3 Bg4 14. Qg3
Bb6 15. f3 Be6 16. Rfe1 Rae8 17. Nd4 Bd7 18. Nc4 Qxg3 19. hxg3 f5 20. e5 dxe5
21. Nxe5 Bc8 22. Rad1 Nd5 23. Bf2 c6 24. Nc4 Bc7 25. Nb3 b6 26. Nd4 Bd7 27. f4
Kf7 28. Nf3 Kg8 29. Nce5 Bxe5 30. Nxe5 Rd8 31. Rd2 Rfe8 32. Red1 Re7 33. c4 Nf6
34. Nxc6 Bxc6 35. Rxd8+ Kf7 36. c5 b5 37. Rc8 Bb7 38. Rcd8 Bc6 39. R8d6 Ba8 40.
c6 Ne4 41. Rd7 Bxc6 42. Rxe7+ Kxe7 43. Bxa7 Nxg3 44. Bc5+ Ke8 45. Bd6 Ne4 46.
Be5 g6 47. b3 Ke7 48. Ra1 Nc5 49. Rc1 1-0

[Event "Wch Juvenil 2013 sub-14"]
[Site "Al-Ain UAE"]
[Date "2013.12.26"]
[Round "9.59"]
[White "Tavzarashvili, Giorgi"]
[Black "Nguyen, Dang Hong Phuc"]
[Result "1-0"]
[WhiteElo "1692"]
[BlackElo "1882"]
[PlyCount "69"]
[EventDate "2013.12.19"]
[EventType "swiss"]
[EventRounds "11"]
[EventCountry "UAE"]
[Source "lmi"]
[SourceDate "2013.12.19"]

1. e4 c5 2. Nf3 d6 3. c4 Nf6 4. Nc3 Nc6 5. d4 cxd4 6. Nxd4 g6 7. Be2 Bg7 8. Be3
O-O 9. O-O Bd7 10. f3 Ne5 11. Rc1 Qc8 12. Nd5 Qd8 13. Qb3 b6 14. h3 Nc6 15.
Nxc6 Bxc6 16. Rfd1 Qd7 17. Qa3 Rfe8 18. e5 Nxd5 19. cxd5 Bb7 20. e6 fxe6 21.
dxe6 Qxe6 22. Rc7 Bxb2 23. Qxb2 Qxe3+ 24. Kh1 Bc8 25. Rxd6 e5 26. Qc2 Qh6 27.
Qc4+ Kh8 28. Qf7 Bxh3 29. Qf6+ Kg8 30. gxh3 Qxh3+ 31. Kg1 Qg3+ 32. Kf1 Qh3+ 33.
Ke1 Qh1+ 34. Bf1 Qh6 35. Bc4+ 1-0

[Event "Wch Juvenil 2013 sub-14"]
[Site "Al-Ain UAE"]
[Date "2013.12.26"]
[Round "9.60"]
[White "Nacer, Mohamed Arezki"]
[Black "Liao, Jo-Kai"]
[Result "0-1"]
[WhiteElo "1866"]
[BlackElo "1571"]
[PlyCount "90"]
[EventDate "2013.12.19"]
[EventType "swiss"]
[EventRounds "11"]
[EventCountry "UAE"]
[Source "lmi"]
[SourceDate "2013.12.19"]

1. e4 e5 2. Nf3 d5 3. exd5 e4 4. Nd4 Qxd5 5. Nb3 Nf6 6. Nc3 Qd8 7. d4 Bd6 8.
Bg5 Bf5 9. Be2 h6 10. Be3 c6 11. a3 O-O 12. O-O Qc7 13. h3 Rd8 14. Qe1 Nbd7 15.
Rd1 Nb6 16. Kh1 Nbd5 17. Nxd5 Nxd5 18. c4 Nxe3 19. fxe3 Bg3 20. Qd2 Be6 21. Nc5
Re8 22. Nxe6 Rxe6 23. Bg4 Rd6 24. Bf5 Re8 25. Qc2 g6 26. Bxe4 Rde6 27. Bd3 Rxe3
28. Qd2 Qd6 29. Bb1 Kg7 30. Qc1 Bh4 31. Ba2 f5 32. c5 Qg3 33. Bc4 f4 34. Qc2 f3
35. gxf3 Rxf3 36. Qg2 Qxh3+ 37. Qxh3 Rxh3+ 38. Kg2 Rg3+ 39. Kh2 Re7 40. Rf4 g5
41. Rf5 Rg4 42. b3 h5 43. Rdf1 Bg3+ 44. Kh1 Bf4 45. d5 Re3 0-1

[Event "Wch Juvenil 2013 sub-14"]
[Site "Al-Ain UAE"]
[Date "2013.12.26"]
[Round "9.73"]
[White "Ip, Seng Tou"]
[Black "Yasser, Mark"]
[Result "0-1"]
[WhiteElo "1372"]
[BlackElo "1750"]
[PlyCount "74"]
[EventDate "2013.12.19"]
[EventType "swiss"]
[EventRounds "11"]
[EventCountry "UAE"]
[Source "lmi"]
[SourceDate "2013.12.19"]

1. Nf3 d5 2. e3 Nf6 3. b3 Bg4 4. Be2 Nbd7 5. Bb2 e6 6. O-O Bd6 7. h3 Bh5 8. d3
c6 9. Nbd2 O-O 10. Re1 e5 11. e4 d4 12. a3 Re8 13. Nf1 Nf8 14. g4 Bg6 15. Ng3
Ne6 16. Bc1 h5 17. Ng5 Nf4 18. Nxh5 N6xh5 19. gxh5 Qxg5+ 20. Bg4 Bxh5 21. Bxf4
exf4 22. f3 g6 23. Re2 Bxg4 24. hxg4 Kg7 25. Rg2 Rh8 26. Kf2 Rh3 27. Qd2 Rah8
28. Rag1 Rg3 29. a4 Rhh3 30. Qe2 Qh4 31. Kf1 Rxf3+ 32. Rf2 Re3 33. Qd1 Rhg3 34.
Rxg3 fxg3 35. Rg2 Qh1+ 36. Rg1 g2+ 37. Kf2 Bg3# 0-1

[Event "Wch Juvenil 2013 sub-14"]
[Site "Al-Ain UAE"]
[Date "2013.12.26"]
[Round "9.74"]
[White "Noori, Sabah Nori"]
[Black "Katsande, Nyasha"]
[Result "1-0"]
[WhiteElo "1742"]
[BlackElo "1593"]
[PlyCount "125"]
[EventDate "2013.12.19"]
[EventType "swiss"]
[EventRounds "11"]
[EventCountry "UAE"]
[Source "lmi"]
[SourceDate "2013.12.19"]

1. f4 Nf6 2. Nf3 d5 3. e3 g6 4. d4 c5 5. b3 Bg7 6. Bb2 O-O 7. c4 cxd4 8. exd4
Qd6 9. Qd2 Ne4 10. Qe3 Nc6 11. Bd3 Nb4 12. O-O Nxd3 13. Qxd3 Bf5 14. Qe3 Rac8
15. c5 Qd8 16. Nc3 Nxc5 17. dxc5 d4 18. Qe1 dxc3 19. Bxc3 Rxc5 20. Bb4 Rc2 21.
Rd1 Qb6+ 22. Kh1 Qb5 23. a4 Qb6 24. Qxe7 Rfc8 25. Ng5 Qc7 26. Rfe1 Qxe7 27.
Rxe7 Rc1 28. Re8+ Rxe8 29. Rxc1 Bb2 30. Rc7 Rd8 31. h3 f6 32. Nf3 Be4 33. Nd2
Bd5 34. Nc4 Bc1 35. Be7 Ra8 36. Bxf6 Bxf4 37. Rg7+ Kf8 38. Rxh7 Re8 39. Bc3 Re2
40. Rh8+ Kf7 41. Kg1 Rxg2+ 42. Kf1 Rc2 43. Bb4 Bxc4+ 44. bxc4 Rxc4 45. Rh7+ Ke6
46. Rxb7 Kf5 47. a5 Ke4 48. Be1 Kf3 49. Rb3+ Be3 50. Rd3 Ra4 51. Bc3 Re4 52.
Bd2 Kf4 53. Rxe3 a6 54. Kf2 Kf5 55. Rxe4 Kxe4 56. Kg3 Kf5 57. Kh4 Kf6 58. Kg4
Kg7 59. Bg5 Kf7 60. Bd2 Kg7 61. Kg5 Kf7 62. Bc3 Ke6 63. Kxg6 1-0

[Event "Wch Juvenil 2013 sub-14"]
[Site "Al-Ain UAE"]
[Date "2013.12.26"]
[Round "9.75"]
[White "Nero, Georg"]
[Black "Anagnostakis, Charalampos"]
[Result "1/2-1/2"]
[WhiteElo "1706"]
[BlackElo "1542"]
[PlyCount "58"]
[EventDate "2013.12.19"]
[EventType "swiss"]
[EventRounds "11"]
[EventCountry "UAE"]
[Source "lmi"]
[SourceDate "2013.12.19"]

1. d4 d5 2. c4 c6 3. Nc3 Nf6 4. cxd5 cxd5 5. Nf3 Nc6 6. Bf4 Bf5 7. e3 a6 8. Ne5
Rc8 9. Qb3 b5 10. Be2 Nxe5 11. Bxe5 e6 12. Bxf6 Qxf6 13. Nxb5 Bc2 14. Nc7+ Rxc7
15. Qb6 Qe7 16. O-O Qd6 17. Qxa6 Qxa6 18. Bxa6 Bd6 19. a4 Ke7 20. Bb5 Ra8 21.
Rfc1 Bb3 22. Rxc7+ Bxc7 23. g3 Bc4 24. Rc1 Ba5 25. Bxc4 Rc8 26. b3 Kd6 27. Kf1
dxc4 28. bxc4 Rb8 29. c5+ Kc6 1/2-1/2

[Event "Wch Juvenil 2013 sub-14"]
[Site "Al-Ain UAE"]
[Date "2013.12.26"]
[Round "9.82"]
[White "Abdulla, Al-Hamed"]
[Black "Abdullatif, Hassan"]
[Result "1-0"]
[WhiteElo "1627"]
[BlackElo "1399"]
[PlyCount "77"]
[EventDate "2013.12.19"]
[EventType "swiss"]
[EventRounds "11"]
[EventCountry "UAE"]
[Source "lmi"]
[SourceDate "2013.12.19"]

1. e4 d6 2. d4 Nf6 3. Nc3 Nbd7 4. Nf3 e5 5. Bc4 Be7 6. O-O O-O 7. Re1 c6 8. a4
b6 9. Ba2 Bb7 10. Nh4 exd4 11. Qxd4 Nc5 12. Nf5 Ne6 13. Qd3 Qc7 14. Qg3 Nh5 15.
Qg4 Nf6 16. Nh6+ Kh8 17. Nxf7+ Rxf7 18. Qxe6 Raf8 19. Qh3 Bc8 20. Qd3 d5 21. f3
Nh5 22. e5 Bf5 23. Qe2 Bc5+ 24. Kh1 Qe7 25. Be3 Qh4 26. Kg1 Nf4 27. Qf2 Qg5 28.
Kh1 Bxe3 29. Rxe3 d4 30. Ne4 Bxe4 31. Rxe4 Re7 32. Rae1 d3 33. Qd2 Qf5 34. cxd3
Rd7 35. e6 Rxd3 36. Rxf4 Rxd2 37. Rxf5 Rxf5 38. e7 Re5 39. e8=Q+ 1-0

[Event "Wch Juvenil 2013 sub-14"]
[Site "Al-Ain UAE"]
[Date "2013.12.26"]
[Round "9.83"]
[White "Ieong, Seak Hin"]
[Black "Mukhopadhyay, Srinjay"]
[Result "1-0"]
[WhiteElo "1578"]
[BlackElo "1336"]
[PlyCount "65"]
[EventDate "2013.12.19"]
[EventType "swiss"]
[EventRounds "11"]
[EventCountry "UAE"]
[Source "lmi"]
[SourceDate "2013.12.19"]

1. Nf3 d5 2. e3 Bg4 3. Be2 Nf6 4. b3 e6 5. Bb2 Be7 6. O-O O-O 7. Ne5 Bxe2 8.
Qxe2 Nbd7 9. f4 Nxe5 10. Bxe5 Bd6 11. Bb2 Be7 12. d3 Bc5 13. Kh1 Re8 14. Nd2
Bd6 15. Nf3 Nd7 16. Qf2 Be7 17. Qg3 Bf6 18. Ne5 Nxe5 19. fxe5 Bg5 20. Rf3 Rf8
21. Raf1 c5 22. Qg4 g6 23. h4 Bxh4 24. Rh3 Bg5 25. Rf6 Bxf6 26. exf6 h5 27.
Rxh5 d4 28. Qh4 Qxf6 29. Qxf6 gxh5 30. exd4 Kh7 31. dxc5 Rg8 32. Qxf7+ Kh6 33.
Bc1+ 1-0

[Event "Wch Juvenil 2013 sub-14"]
[Site "Al-Ain UAE"]
[Date "2013.12.27"]
[Round "10.1"]
[White "Liu, Yan"]
[Black "Tari, Aryan"]
[Result "1/2-1/2"]
[WhiteElo "2256"]
[BlackElo "2418"]
[PlyCount "108"]
[EventDate "2013.12.19"]
[EventType "swiss"]
[EventRounds "11"]
[EventCountry "UAE"]
[Source "lmi"]
[SourceDate "2013.12.19"]

1. d4 Nf6 2. Nf3 g6 3. g3 Bg7 4. Bg2 O-O 5. O-O d5 6. c3 Nbd7 7. Bf4 c5 8. Nbd2
b6 9. Ne5 Bb7 10. a4 Nh5 11. Qb3 Nxf4 12. gxf4 Nxe5 13. fxe5 e6 14. e3 Ba6 15.
Rfe1 f6 16. e4 c4 17. Qd1 fxe5 18. exd5 Bb7 19. Nxc4 exd4 20. Rxe6 Qg5 21. Qd2
Qxg2+ 22. Kxg2 Bxd5+ 23. Kg1 Bxe6 24. Qe2 Rae8 25. Nd6 Re7 26. Nb5 dxc3 27.
bxc3 Rf4 28. f3 Bf6 29. Qe3 g5 30. Nd4 Bd5 31. Qd2 Bxd4+ 32. cxd4 Bxf3 33. Re1
Rg4+ 34. Kf1 Rf7 35. Re8+ Kg7 36. Qe3 Bc6+ 37. Ke1 Bxe8 38. Qxe8 Rff4 39. Qd7+
Kg6 40. d5 Re4+ 41. Kd2 Rd4+ 42. Kc3 Rc4+ 43. Kd3 Rgd4+ 44. Ke3 Re4+ 45. Kd3
Rcd4+ 46. Kc3 Rxa4 47. Qc6+ Kf5 48. Qd7+ Kg6 49. Qc6+ Kf7 50. Qd7+ Kf6 51. Qd6+
Kf5 52. Qd7+ Ke5 53. Qe6+ Kf4 54. Qf6+ Kg4 1/2-1/2

[Event "Wch Juvenil 2013 sub-14"]
[Site "Al-Ain UAE"]
[Date "2013.12.27"]
[Round "10.1"]
[White "Mayed, Al-Rashedi"]
[Black "Modi, Sachin"]
[Result "1-0"]
[WhiteElo "1820"]
[BlackElo "1658"]
[PlyCount "53"]
[EventDate "2013.12.19"]
[EventType "swiss"]
[EventRounds "11"]
[EventCountry "UAE"]
[Source "lmi"]
[SourceDate "2013.12.19"]

1. e4 c5 2. Nf3 g6 3. d4 cxd4 4. Nxd4 Nc6 5. Be3 Bg7 6. Nc3 Nf6 7. Bc4 O-O 8.
Bb3 d6 9. f3 Bd7 10. Qd2 a5 11. a4 Nb4 12. O-O-O Bc6 13. Bh6 Qd7 14. h4 Rfc8
15. h5 e6 16. Bxg7 Kxg7 17. hxg6 fxg6 18. Nxe6+ Kh8 19. Qd4 Qe7 20. Ng5 h5 21.
g4 Kg7 22. gxh5 gxh5 23. Rdg1 Kf8 24. Nh7+ Ke8 25. Nxf6+ Kd8 26. Rg8+ Kc7 27.
Rg7 1-0

[Event "Wch Juvenil 2013 sub-14"]
[Site "Al-Ain UAE"]
[Date "2013.12.27"]
[Round "10.2"]
[White "Gledura, Benjamin"]
[Black "Kozusek, Daniel"]
[Result "1-0"]
[WhiteElo "2399"]
[BlackElo "2090"]
[PlyCount "47"]
[EventDate "2013.12.19"]
[EventType "swiss"]
[EventRounds "11"]
[EventCountry "UAE"]
[Source "lmi"]
[SourceDate "2013.12.19"]

1. e4 c5 2. Nf3 d6 3. d4 cxd4 4. Nxd4 Nf6 5. Nc3 e6 6. g4 e5 7. Nf5 h5 8. Bg5
hxg4 9. Bxf6 Qxf6 10. Qxg4 Bxf5 11. exf5 Rh4 12. Qg2 e4 13. O-O-O Qxf5 14. Nd5
Kd7 15. Qg3 g5 16. Qa3 Qe5 17. Bb5+ Nc6 18. Nb6+ axb6 19. Qxa8 Qxb5 20. Qxf8
Rf4 21. Rxd6+ Kc7 22. Rhd1 Qf5 23. Rxc6+ Kxc6 24. Qd6+ 1-0

[Event "Wch Juvenil 2013 sub-14"]
[Site "Al-Ain UAE"]
[Date "2013.12.27"]
[Round "10.2"]
[White "Isakzhanov, Aibek"]
[Black "Fidrilakis, Stavros"]
[Result "0-1"]
[WhiteElo "1807"]
[BlackElo "1629"]
[PlyCount "126"]
[EventDate "2013.12.19"]
[EventType "swiss"]
[EventRounds "11"]
[EventCountry "UAE"]
[Source "lmi"]
[SourceDate "2013.12.19"]

1. e4 c5 2. d4 cxd4 3. c3 Nf6 4. e5 Nd5 5. cxd4 e6 6. Bd3 d6 7. Nf3 Nd7 8. O-O
dxe5 9. dxe5 Nc5 10. Bc4 Nb6 11. Qxd8+ Kxd8 12. Be2 Bd7 13. Nc3 a6 14. Be3 Bc6
15. Nd4 Nd5 16. Nxc6+ bxc6 17. Nxd5 cxd5 18. Rac1 Nd7 19. f4 g5 20. Rc6 gxf4
21. Bxf4 Bg7 22. Bg5+ Ke8 23. Bf6 Bxf6 24. exf6 Ne5 25. Rxa6 Rxa6 26. Bxa6 Kd7
27. a4 Ra8 28. Bb5+ Kd6 29. Rf4 Ng6 30. Rf3 e5 31. b4 e4 32. Rh3 Ke5 33. Rh5+
Kd4 34. Rxh7 Ne5 35. h4 Ke3 36. Rh5 Kd4 37. Rf5 Rc8 38. Rf1 Ke3 39. a5 d4 40.
a6 d3 41. Ba4 d2 42. b5 Kd3 43. b6 e3 44. Bb5+ Nc4 45. b7 Rg8 46. Ba4 e2 47.
Kf2 Rxg2+ 48. Kxg2 Ne3+ 49. Kh2 exf1=Q 50. Bb5+ Nc4 51. Bxc4+ Kxc4 52. b8=Q
Qf2+ 53. Kh3 Qf3+ 54. Kh2 Qf2+ 55. Kh3 Qf1+ 56. Kh2 d1=Q 57. Qc7+ Kd3 58. Qd6+
Kc2 59. Qc5+ Kb1 60. Qb4+ Kc1 61. Qa3+ Kd2 62. Qb4+ Ke2 63. Qe4+ Kf2 0-1

[Event "Wch Juvenil 2013 sub-14"]
[Site "Al-Ain UAE"]
[Date "2013.12.27"]
[Round "10.3"]
[White "Dai, Changren"]
[Black "Nigmatov, Ortik"]
[Result "1-0"]
[WhiteElo "2216"]
[BlackElo "2023"]
[PlyCount "107"]
[EventDate "2013.12.19"]
[EventType "swiss"]
[EventRounds "11"]
[EventCountry "UAE"]
[Source "lmi"]
[SourceDate "2013.12.19"]

1. e4 c5 2. Nf3 d6 3. d4 cxd4 4. Nxd4 Nf6 5. Nc3 a6 6. Be3 e5 7. Nb3 Be6 8. f3
Be7 9. Qd2 O-O 10. O-O-O a5 11. Bb5 Na6 12. Kb1 Nc7 13. Bb6 Qb8 14. g4 Nxb5 15.
Nxb5 a4 16. Nc1 Ne8 17. a3 Ra6 18. Qe3 Bc4 19. Nc3 Qc8 20. Qf2 Qc6 21. Be3 Nc7
22. Nd3 Nb5 23. Nd5 Bxd5 24. Nb4 Qc4 25. Nxd5 Bd8 26. Qf1 Qxf1 27. Rhxf1 Ba5
28. Rd3 Re8 29. Rfd1 Rc6 30. Nb4 Bxb4 31. axb4 Re6 32. Rd5 Nc7 33. b5 Rc4 34.
Rxd6 Rxd6 35. Rxd6 h6 36. b6 Nb5 37. Rd5 Rb4 38. Bd2 Rd4 39. Rxb5 Rxd2 40. Rxe5
Rd6 41. Ra5 Rxb6 42. Rxa4 Kh7 43. e5 Kg6 44. c3 f6 45. f4 fxe5 46. fxe5 Kf7 47.
Kc2 Ke6 48. Ra5 g6 49. b4 h5 50. h3 Rc6 51. Kd3 Rc8 52. Rb5 hxg4 53. hxg4 g5
54. Ke4 1-0

[Event "Wch Juvenil 2013 sub-14"]
[Site "Al-Ain UAE"]
[Date "2013.12.27"]
[Round "10.3"]
[White "Gvenetadze, Davit"]
[Black "Garcia Herrera, Enrique Ric"]
[Result "1/2-1/2"]
[WhiteElo "1801"]
[BlackElo "1662"]
[PlyCount "84"]
[EventDate "2013.12.19"]
[EventType "swiss"]
[EventRounds "11"]
[EventCountry "UAE"]
[Source "lmi"]
[SourceDate "2013.12.19"]

1. e4 c5 2. c3 d5 3. exd5 Qxd5 4. d4 Nf6 5. Nf3 Bg4 6. Be2 e6 7. O-O Nc6 8. Be3
Rd8 9. dxc5 Bxc5 10. Qxd5 Rxd5 11. c4 Rf5 12. Bxc5 Rxc5 13. Nbd2 O-O 14. a3 a5
15. Nb3 Rf5 16. Rfd1 a4 17. Nbd4 Nxd4 18. Rxd4 Rc5 19. h3 Bh5 20. g4 Bg6 21.
Bd1 b5 22. cxb5 Rxb5 23. Ra2 Bb1 24. Bxa4 Rb6 25. Ra1 Rxb2 26. Bd1 h6 27. Rd2
Rfb8 28. Rxb2 Rxb2 29. Ne5 Ne4 30. Nc4 Rb8 31. Bf3 Ng5 32. Bg2 Bd3 33. Ne5 Rb1+
34. Rxb1 Bxb1 35. a4 Ne4 36. Bxe4 Bxe4 37. a5 Bb7 38. Nd7 g6 39. Nc5 Bc6 40. a6
Kf8 41. a7 Ke7 42. Na4 Kd6 1/2-1/2

[Event "Wch Juvenil 2013 sub-14"]
[Site "Al-Ain UAE"]
[Date "2013.12.27"]
[Round "10.4"]
[White "Bennett, Rhys"]
[Black "Roos, Daniel"]
[Result "1-0"]
[WhiteElo "1784"]
[BlackElo "1597"]
[PlyCount "122"]
[EventDate "2013.12.19"]
[EventType "swiss"]
[EventRounds "11"]
[EventCountry "UAE"]
[Source "lmi"]
[SourceDate "2013.12.19"]

1. e4 c5 2. Nf3 a6 3. c3 d5 4. exd5 Nf6 5. c4 e6 6. dxe6 Bxe6 7. Be2 Nc6 8. O-O
Be7 9. Nc3 O-O 10. d3 Qb6 11. a3 Rfd8 12. Qc2 Rac8 13. Be3 Nd4 14. Bxd4 cxd4
15. Na4 Qd6 16. b3 b5 17. Nb2 Rc5 18. Rfe1 Rh5 19. g3 Bg4 20. Nd2 Bxe2 21. Rxe2
Ng4 22. Nf1 Ne5 23. Nd2 Qc6 24. f4 Ng4 25. Nf1 Bf8 26. b4 Rd6 27. Rg2 Rdh6 28.
Qe2 Qg6 29. Qe4 Qd6 30. Re1 Re6 31. Qf3 Rxe1 32. Qxg4 Rh6 33. Nd1 Rg6 34. Qf3
Qe7 35. Nf2 Qe3 36. Qxe3 dxe3 37. Ne4 e2 38. Ned2 exf1=Q+ 39. Nxf1 Rge6 40. c5
R1e2 41. d4 f6 42. d5 Rxg2+ 43. Kxg2 Re8 44. Kf3 Kf7 45. Ne3 g6 46. f5 Bh6 47.
Nc2 gxf5 48. Nd4 Re3+ 49. Kg2 Rxa3 50. c6 Bf8 51. c7 Rc3 52. Nc6 Bxb4 53. c8=Q
a5 54. Qd7+ Kg6 55. Nxb4 axb4 56. Qxb5 b3 57. Kh3 f4 58. d6 f3 59. d7 f2 60.
d8=Q Rc1 61. Qdd3+ Kh6 1-0

[Event "Wch Juvenil 2013 sub-14"]
[Site "Al-Ain UAE"]
[Date "2013.12.27"]
[Round "10.4"]
[White "Shahaliyev, Ismayil Bahram"]
[Black "Rambaldi, Francesco"]
[Result "0-1"]
[WhiteElo "2091"]
[BlackElo "2385"]
[PlyCount "43"]
[EventDate "2013.12.19"]
[EventType "swiss"]
[EventRounds "11"]
[EventCountry "UAE"]
[Source "lmi"]
[SourceDate "2013.12.19"]

1. e4 c5 2. Nf3 d6 3. d4 cxd4 4. Nxd4 Nf6 5. f3 e5 6. Nb3 Be6 7. c4 a5 8. Be3
Be7 9. Be2 O-O 10. O-O a4 11. N3d2 Qa5 12. Nc3 Bd8 13. Kh1 Bb6 14. Bxb6 Qxb6
15. Nxa4 Qb4 16. Nc3 Qxb2 17. Qc1 Qb6 18. Rb1 Qa7 19. Nb3 Nc6 20. Rb2 b6 21.
Rd1 Rfd8 22. Qe3 0-1